000 00775nac a22002657a 4500
001 BR7900200
003 BR-BrBNA
005 20240105114356.0
008 230509b bl.|||m| |||| 00| 0 por d
040 _aBR-BrBNA
_bpor
_cBiblioteca Nacional de Agricultura
072 _aB50
090 _a2110 BR7900200
100 1 _aOliveira, E.
110 1 _aComissao Executiva do Plano da Lavoura Cacaueira, Ilheus, BA (Brasil)
_92106
245 1 _aCacau no norte do Mato Grosso [Brasil]
260 3 _aIlheus, BA (Brasil):
_c1978.
300 _a28 p.
490 _aCadernos da Amazonia (Brazil)
_vno. 2
_x
650 _aCACAU
650 _aHISTORIA
650 _aMATO GROSSO
650 _aCUIABA
909 _a202312
_bLúcia Elande
_c55
_dLúcia Elande
942 _2AGRIS
_n0
_cMS
999 _c268994
_d268994